000 00680cas a22002055 4500
001 E150011
008 100524c2007 xxkfr ws 0 a0eng u
035 _a(Sirsi) u150011
041 0 _aeng
110 2 _aCIH Scotland
245 0 0 _aScottish Housing Digest
_h[electronic resource]
260 _aEdinburgh
_bCIH Scotland
_c2007-
362 0 _aOctober 2007-
520 _aHighlights the main developments in UK housing and related policy.
554 _aTwo per year
651 4 _aUnited Kingdom
_y
690 _aResidential property
_96266
856 4 0 _uhttps://www.cih.org/scotland/policy/papers-shd.htm
_zView the Digest free of charge at www.cih.org/scotland
942 _n0
999 _c119278
_d119278